000 00507nam a2200169 i 4500
001 138728
003 ES-MaACL
005 20230906195625.0
007 t|
008 070214s1927 po |||| |dpor d
100 1 _aSantos, Carlos.
_9103464
245 1 0 _aComo eu vi a Rússia /
_cCarlos Alfonso dos Santos.
260 _aPorto :
_b[s. n.],
_c1927 (
_fSociedade de Papeleria)
300 _aLII, 508 p., 13 h. :
_bil. ;
_c19 x 12 cm.
651 4 _aRusia-
_xDescripción.
_99329
852 _aES-MaACL
_jB-6082
999 _c138728
_d138728